000 00540cam a22001451 4500
082 _a962
_bKHA
_cL-28, P-1
100 1 _aKhadr, Hassan.
_946584
245 1 0 _aEgypt's republic in its first year,
_cby Hassan Khadr and Amin Hassouna.
260 _a[Cairo?]
_bDept. of Public Relations of the Egyptian Armed Forces,
_c1954.
300 _a215 p.
_billus.
_c24 cm.
500 _aL. C. copy imperfect: leaf following t. p. removed.
526 _a0
_b0
_c0
_d962_000000000000000_KHA
700 1 _aHassūnah, Muḥammad Amīn,
_946585
942 _2ddc
_cBK
999 _c549888
_d549888